| 000 | 00380pab a2200145 454500 | ||
|---|---|---|---|
| 008 | 180718b1998 xxu||||| |||| 00| 0 eng d | ||
| 100 | _aKooiman, Dick | ||
| 245 | _aThe Nizam's last victory: Hyderabad on eve of second world war | ||
| 260 | _c1998 | ||
| 300 | _ap.645-60 | ||
| 362 | _a21-27 Mar | ||
| 650 | _aHistory | ||
| 773 | _aEconomic and Political Weekly | ||
| 909 | _a37171 | ||
| 999 |
_c37171 _d37171 |
||